[Event "Chess Festival Groningen 2018 BC"]
[Site "Groningen, Netherlands"]
[Date "2018.12.28"]
[Round "7"]
[White "Achuthan, Dylan"]
[Black "Martinez, Sara"]
[Result "1-0"]
[WhiteElo "1759"]
[BlackElo "1583"]
[PlyCount "67"]
[EventDate "2018.12.??"]

1. Nf3 d5 2. b3 c5 3. Bb2 Nf6 4. e3 Nc6 5. Bb5 a6 6. Bxc6+ bxc6 7. Ne5 Qc7 8.
O-O g6 9. f4 Bg7 10. d3 O-O 11. h3 Nd7 12. d4 cxd4 13. exd4 Qb6 14. Kh1 f6 15.
Nf3 a5 16. Nc3 Ba6 17. Re1 Rae8 18. Re6 Qc7 19. Qe1 Nb8 20. Na4 Bc8 21. Nc5 Na6
22. Nxa6 Bxa6 23. Qc3 Bb7 24. Rae1 Bh6 25. f5 Bf4 26. fxg6 hxg6 27. Qd3 Kh7 28.
Ba3 Rf7 29. Nh4 Rg7 30. Nxg6 Rxg6 31. Rxe7+ Kh6 32. Rxe8 Bd6 33. Rh8+ Kg5 34.
h4+ 1-0

[Event "Chess Festival Groningen 2018 BC"]
[Site "Groningen, Netherlands"]
[Date "2018.12.28"]
[Round "7"]
[White "Broersma, Sven"]
[Black "Rogojina, Alexandru-Andrei"]
[Result "1-0"]
[WhiteElo "1612"]
[BlackElo "1300"]
[PlyCount "35"]
[EventDate "2018.12.??"]

1. d4 d5 2. c4 Nc6 3. Nc3 Nf6 4. Nf3 Bg4 5. e3 e6 6. h3 Bxf3 7. Qxf3 Bb4 8. Bd2
e5 9. cxd5 Bxc3 10. Bxc3 e4 11. Qg3 Nh5 12. Qg4 Qxd5 13. b3 g6 14. Bc4 Qd6 15.
Qxe4+ Kd7 16. d5 Rhe8 17. dxc6+ bxc6 18. Qd4 1-0

[Event "Chess Festival Groningen 2018 BC"]
[Site "Groningen, Netherlands"]
[Date "2018.12.28"]
[Round "7"]
[White "De Vries, Emma"]
[Black "Hillenkamp, Melchior"]
[Result "1-0"]
[WhiteElo "1919"]
[BlackElo "1637"]
[PlyCount "61"]
[EventDate "2018.12.??"]

1. e4 e5 2. Nf3 Nc6 3. Bc4 Nf6 4. d3 Bc5 5. c3 O-O 6. Nbd2 d6 7. O-O Bb6 8. h3
h6 9. Re1 Be6 10. Bb3 Kh8 11. Nc4 g5 12. d4 exd4 13. cxd4 Qc8 14. Nxb6 Bxb3 15.
axb3 axb6 16. Rxa8 Qxa8 17. h4 g4 18. Nh2 h5 19. Qd2 Qa5 20. Qh6+ Nh7 21. Bd2
Qb5 22. e5 Nxd4 23. Qxh5 f6 24. Bc3 Ne2+ 25. Rxe2 Qxe2 26. exf6 Qd1+ 27. Nf1 d5
28. f7+ d4 29. Qe5+ Nf6 30. Qxf6+ Kh7 31. Bxd4 1-0

[Event "Chess Festival Groningen 2018 BC"]
[Site "Groningen, Netherlands"]
[Date "2018.12.28"]
[Round "7"]
[White "Haan, Gertjan"]
[Black "Rupert, Casper"]
[Result "1-0"]
[WhiteElo "1881"]
[BlackElo "2055"]
[PlyCount "109"]
[EventDate "2018.12.??"]

1. d4 d5 2. Bf4 g6 3. e3 Bg7 4. Nf3 Nf6 5. Be2 c5 6. O-O O-O 7. c3 Nbd7 8. Ne5
Ne8 9. Nxd7 Bxd7 10. Nd2 b6 11. Nf3 e6 12. Ne5 f6 13. Nxd7 Qxd7 14. dxc5 bxc5
15. e4 e5 16. Bc4 Nc7 17. Be3 Rfd8 18. exd5 Qd6 19. Qd2 a5 20. Rad1 f5 21. f4
e4 22. Qf2 Bf8 23. Kh1 Kh8 24. b4 axb4 25. cxb4 cxb4 26. Bd4+ Bg7 27. Bc5 Qd7
28. Bxb4 Nb5 29. Qc5 Nd6 30. Bb3 Rac8 31. Qxd6 Qxd6 32. Bxd6 Rxd6 33. Rc1 Rc3
34. g3 Rd8 35. Rxc3 Bxc3 36. Kg2 Kg7 37. Kf2 Kf6 38. Ke2 Bb2 39. Rb1 Ba3 40.
Bc4 h6 41. Rb6+ Rd6 42. Rb3 Bc5 43. a4 g5 44. Rb5 Bg1 45. Rb1 Bxh2 46. Rh1 gxf4
47. Rxh2 fxg3 48. Rxh6+ Ke5 49. Re6+ Rxe6 50. dxe6 Kd6 51. a5 f4 52. a6 f3+ 53.
Kf1 Kc5 54. a7 g2+ 55. Kg1 1-0

[Event "Chess Festival Groningen 2018 BC"]
[Site "Groningen, Netherlands"]
[Date "2018.12.28"]
[Round "7"]
[White "Hassing, Bert"]
[Black "Turenhout, Ryanne"]
[Result "1/2-1/2"]
[WhiteElo "1510"]
[BlackElo "1485"]
[PlyCount "45"]
[EventDate "2018.12.??"]

1. c4 e5 2. g3 Nf6 3. Bg2 Bc5 4. Nc3 c6 5. e3 d6 6. Nge2 Be6 7. b3 Qc8 8. h3
O-O 9. d4 Bb4 10. Bb2 Nbd7 11. a3 Ba5 12. b4 Bc7 13. d5 cxd5 14. cxd5 Bf5 15.
Rc1 Qd8 16. Nb5 Bb8 17. Nbc3 a6 18. e4 Bg6 19. O-O Ba7 20. a4 Qb6 21. Ba3 Rac8
22. a5 Qd8 23. Qb3 1/2-1/2

[Event "Chess Festival Groningen 2018 BC"]
[Site "Groningen, Netherlands"]
[Date "2018.12.28"]
[Round "7"]
[White "Martinez, Anna"]
[Black "Van Foreest, Nanne"]
[Result "1-0"]
[WhiteElo "1868"]
[BlackElo "1611"]
[PlyCount "71"]
[EventDate "2018.12.??"]

1. e4 e5 2. Nf3 Nc6 3. Bb5 Nf6 4. d3 Bc5 5. c3 d5 6. exd5 Qxd5 7. Bc4 Qd6 8.
O-O O-O 9. b4 Bb6 10. Ba3 Ne7 11. Qb3 h6 12. Nbd2 Bf5 13. Rad1 Ng6 14. Ne4 Bxe4
15. dxe4 Qe7 16. Qc2 Rfd8 17. h3 c6 18. g3 Bc7 19. Rfe1 b5 20. Bf1 Nf8 21. c4
Rac8 22. cxb5 cxb5 23. Bxb5 Bd6 24. Qb3 a5 25. Bc4 axb4 26. Bb2 N8d7 27. Bxf7+
Qxf7 28. Qxf7+ Kxf7 29. Rxd6 Nc5 30. Nxe5+ Ke7 31. Rxd8 Kxd8 32. Rd1+ Ke7 33.
f3 Na4 34. Rd2 Ke6 35. Nd3 Rd8 36. Nc5+ 1-0

[Event "Chess Festival Groningen 2018 BC"]
[Site "Groningen, Netherlands"]
[Date "2018.12.28"]
[Round "7"]
[White "Neisingh, Nils"]
[Black "Dekker, Jasper"]
[Result "1/2-1/2"]
[WhiteElo "1662"]
[BlackElo "1786"]
[PlyCount "45"]
[EventDate "2018.12.??"]

1. e4 c5 2. Nf3 Nc6 3. d4 cxd4 4. Nxd4 Nf6 5. Nc3 e5 6. Ndb5 d6 7. Bg5 a6 8.
Na3 b5 9. Nd5 Be7 10. Bxf6 Bxf6 11. c3 O-O 12. Nc2 Bg5 13. a4 bxa4 14. Rxa4 a5
15. Nce3 Rb8 16. Qc2 Ne7 17. Nxe7+ Bxe7 18. Nc4 Be6 19. Nxa5 Qb6 20. Nc4 Bxc4
21. Bxc4 Qxb2 22. Qxb2 Rxb2 23. O-O 1/2-1/2

[Event "Chess Festival Groningen 2018 BC"]
[Site "Groningen, Netherlands"]
[Date "2018.12.28"]
[Round "7"]
[White "Nixdorf, Andre"]
[Black "Labruyere, Roger"]
[Result "1-0"]
[WhiteElo "1977"]
[BlackElo "1760"]
[PlyCount "31"]
[EventDate "2018.12.??"]

1. d4 d5 2. Nf3 e6 3. c4 Nf6 4. Nc3 c5 5. cxd5 exd5 6. g3 Nc6 7. Bg2 Bf5 8. O-O
Be7 9. dxc5 Bxc5 10. Na4 Be7 11. Nd4 Be4 12. f3 Bg6 13. Be3 O-O 14. Rc1 Rc8 15.
Bh3 Nd7 16. Nc3 1-0

[Event "Chess Festival Groningen 2018 BC"]
[Site "Groningen, Netherlands"]
[Date "2018.12.28"]
[Round "7"]
[White "Oord, Raymon"]
[Black "Waardenburg, Feline"]
[Result "1-0"]
[WhiteElo "1911"]
[BlackElo "1763"]
[PlyCount "84"]
[EventDate "2018.12.??"]

1. d4 Nf6 2. Bf4 g6 3. e3 Bg7 4. Nf3 d5 5. Bd3 O-O 6. Nbd2 b6 7. c3 c5 8. Qe2
Nc6 9. Ne5 Bb7 10. h4 Nd7 11. Nxd7 Qxd7 12. h5 e5 13. dxe5 Nxe5 14. Bxe5 Bxe5
15. Nf3 Bg7 16. hxg6 hxg6 17. O-O-O Qa4 18. Bb1 Rac8 19. Ng5 Qd7 20. Qf3 b5 21.
Nh7 Qe7 22. Nxf8 Qxf8 23. Qh3 Qe7 24. Rxd5 b4 25. Rd7 Qf6 26. Rxb7 Rd8 27. Bc2
bxc3 28. Rb3 cxb2+ 29. Kb1 c4 30. Rb7 Qa6 31. Qf3 Qe6 32. Rd1 Rxd1+ 33. Qxd1
Qf6 34. Rb8+ Kh7 35. f4 Qc3 36. Qe2 Qf6 37. g4 Qh4 38. g5 f6 39. gxf6 Bxf6 40.
Rb7+ Kh6 41. Rd7 Qg3 42. Rd1 g5 1-0

[Event "Chess Festival Groningen 2018 BC"]
[Site "Groningen, Netherlands"]
[Date "2018.12.28"]
[Round "7"]
[White "Rellum, Theo"]
[Black "Van Heuveln, Henk"]
[Result "1/2-1/2"]
[WhiteElo "1423"]
[BlackElo "1379"]
[PlyCount "28"]
[EventDate "2018.12.??"]

1. d4 d6 2. Nf3 g6 3. e4 Bg7 4. Bc4 h6 5. O-O Nd7 6. Nc3 c6 7. Re1 e5 8. dxe5
dxe5 9. Qd6 Ne7 10. Rd1 O-O 11. Nh4 Kh7 12. Be3 Ng8 13. Nf3 Qf6 14. Qxf6 Bxf6
1/2-1/2

[Event "Chess Festival Groningen 2018 BC"]
[Site "Groningen, Netherlands"]
[Date "2018.12.28"]
[Round "7"]
[White "Ritter, Uwe"]
[Black "Hofstra, Tijmen"]
[Result "1-0"]
[WhiteElo "2014"]
[BlackElo "1706"]
[PlyCount "45"]
[EventDate "2018.12.??"]

1. e4 c5 2. Nc3 e6 3. g3 d5 4. exd5 exd5 5. Bg2 Nc6 6. Nge2 Nf6 7. O-O Be7 8.
d4 c4 9. Nf4 Be6 10. Re1 Qd7 11. Nxe6 fxe6 12. Bh3 Nd8 13. Qe2 Kf7 14. Bg5 Re8
15. Qf3 g6 16. Re5 Qc6 17. Rae1 a6 18. Bxf6 Bxf6 19. Nxd5 exd5 20. Rxe8 Kg7 21.
R1e7+ Bxe7 22. Rxe7+ Kh8 23. Qf8# 1-0

[Event "Chess Festival Groningen 2018 BC"]
[Site "Groningen, Netherlands"]
[Date "2018.12.28"]
[Round "7"]
[White "Santema, Tjeerd"]
[Black "Bous, Florian"]
[Result "1/2-1/2"]
[WhiteElo "1776"]
[BlackElo "1994"]
[PlyCount "34"]
[EventDate "2018.12.??"]

1. d4 Nf6 2. c4 e6 3. Nc3 Bb4 4. Qc2 O-O 5. a3 Bxc3+ 6. Qxc3 d5 7. Bg5 dxc4 8.
Qxc4 b6 9. Nf3 Ba6 10. Qa4 c5 11. dxc5 bxc5 12. Rd1 Qb6 13. Bxf6 gxf6 14. Rd2
Nc6 15. Qh4 Kg7 16. Qg4+ Kh8 17. Qh4 Kg8 1/2-1/2

[Event "Chess Festival Groningen 2018 BC"]
[Site "Groningen, Netherlands"]
[Date "2018.12.28"]
[Round "7"]
[White "Schwenke, Stefan"]
[Black "Baier, Frederic"]
[Result "1-0"]
[WhiteElo "1737"]
[BlackElo "1824"]
[PlyCount "53"]
[EventDate "2018.12.??"]

1. e4 e6 2. d4 d5 3. Nc3 Nf6 4. e5 Nfd7 5. f4 c5 6. Nf3 Nc6 7. Ne2 Qb6 8. c3
Be7 9. Qc2 a6 10. Be3 c4 11. g4 Qc7 12. Ng3 b5 13. f5 b4 14. Bg2 a5 15. O-O a4
16. Nh5 g6 17. Ng7+ Kf8 18. Bh6 Kg8 19. fxe6 fxe6 20. Nxe6 Qb6 21. Nfg5 Ncxe5
22. Nc7 Ra5 23. Nxd5 Qd6 24. dxe5 Nxe5 25. Nxe7+ Qxe7 26. Rae1 Qc5+ 27. Qf2 1-0

[Event "Chess Festival Groningen 2018 BC"]
[Site "Groningen, Netherlands"]
[Date "2018.12.28"]
[Round "7"]
[White "Torenbosch, Jorn"]
[Black "Brendel, Bergit"]
[Result "0-1"]
[WhiteElo "1727"]
[BlackElo "1971"]
[PlyCount "88"]
[EventDate "2018.12.??"]

1. e4 e5 2. Nf3 Nc6 3. Bc4 Bc5 4. O-O d6 5. h3 Nf6 6. d3 a6 7. c3 Ba7 8. Bb3 h6
9. Re1 O-O 10. Nbd2 Re8 11. Nf1 Be6 12. Bc2 d5 13. Be3 Bxe3 14. Nxe3 d4 15.
cxd4 exd4 16. Nc4 b5 17. Ncd2 a5 18. Bb3 a4 19. Bxe6 Rxe6 20. Nf1 Nb4 21. a3
Na6 22. Rc1 c5 23. Qd2 Rb6 24. Ng3 b4 25. Ne5 bxa3 26. bxa3 Rb3 27. Nc4 Nc7 28.
Nf5 Nb5 29. Ra1 Ne8 30. e5 Qg5 31. Qxg5 hxg5 32. Red1 Nec7 33. Nb6 Ra6 34. Nd7
Ne6 35. g3 Nc3 36. Rd2 Rb7 37. Nd6 Rxd7 38. Rb2 f6 39. Nc4 Kf7 40. Re1 f5 41.
h4 gxh4 42. gxh4 Nf4 43. Nd6+ Raxd6 44. exd6 Nxd3 0-1

[Event "Chess Festival Groningen 2018 BC"]
[Site "Groningen, Netherlands"]
[Date "2018.12.28"]
[Round "7"]
[White "Vermeulen, Frans"]
[Black "Waardenburg, Marlinde"]
[Result "1-0"]
[WhiteElo "1868"]
[BlackElo "1751"]
[PlyCount "63"]
[EventDate "2018.12.??"]

1. e4 Nf6 2. Nc3 d5 3. e5 Nfd7 4. d4 e6 5. f4 c5 6. Nf3 Nc6 7. Be3 a6 8. Ne2
cxd4 9. Nexd4 Bc5 10. c3 O-O 11. Nxc6 bxc6 12. Nd4 Qc7 13. Bd3 Bb6 14. Qh5 g6
15. Qh6 Re8 16. O-O Bb7 17. Rae1 c5 18. Nf3 Qc6 19. Ng5 Nf8 20. Rf3 c4 21. Bc2
Bxe3+ 22. Rexe3 Rad8 23. Nxh7 Nxh7 24. Rh3 d4 25. Qxh7+ Kf8 26. Qh8+ Ke7 27.
Qf6+ Kd7 28. Be4 Qb6 29. cxd4 Qxb2 30. Bxb7 Qxb7 31. Qxf7+ Re7 32. Qxe7+ 1-0

[Event "Chess Festival Groningen 2018 BC"]
[Site "Groningen, Netherlands"]
[Date "2018.12.28"]
[Round "7"]
[White "Zuiderweg, Edwin"]
[Black "Blom, Yeb"]
[Result "1-0"]
[WhiteElo "1942"]
[BlackElo "1989"]
[PlyCount "75"]
[EventDate "2018.12.??"]

1. d4 g6 2. e4 Bg7 3. f4 d6 4. Nf3 c5 5. c3 Qb6 6. Be2 cxd4 7. cxd4 Nf6 8. Nc3
O-O 9. O-O Nc6 10. Kh1 Bg4 11. d5 Nb4 12. a3 Na6 13. Na4 Qc7 14. Bxa6 bxa6 15.
Qd3 Rfc8 16. Nc3 Nd7 17. Be3 Nc5 18. Bxc5 Qxc5 19. Rac1 Bd7 20. Qxa6 Rab8 21.
Qe2 Qa5 22. e5 Bh6 23. Nd4 Rxc3 24. Rxc3 Qxd5 25. Qc4 Qe4 26. Nc6 Bxc6 27. Qxc6
Qe2 28. Qf3 Qxb2 29. exd6 exd6 30. Rfc1 Bf8 31. h3 Rb6 32. Qe3 Rb7 33. Rc8 d5
34. Qc5 Qg7 35. Re1 h5 36. Ree8 Rb1+ 37. Kh2 Kh7 38. Qxf8 1-0

[Event "Chess Festival Groningen 2018 BC"]
[Site "Groningen, Netherlands"]
[Date "2018.12.29"]
[Round "8"]
[White "Beukema, Constantijn"]
[Black "Zuiderweg, Edwin"]
[Result "0-1"]
[WhiteElo "1680"]
[BlackElo "1942"]
[PlyCount "62"]
[EventDate "2018.12.??"]

1. e4 c5 2. d4 cxd4 3. c3 Nf6 4. e5 Nd5 5. cxd4 e6 6. Nf3 d6 7. Bc4 Nc6 8. O-O
Be7 9. Re1 O-O 10. Nc3 Nxc3 11. bxc3 b6 12. Bf4 dxe5 13. Nxe5 Nxe5 14. Bxe5 Bb7
15. Qg4 Bf6 16. Bd3 Bxe5 17. Rxe5 Rc8 18. Rh5 g6 19. Rh3 f5 20. Qe2 Qd5 21. Rg3
Rxc3 22. Rd1 Rfc8 23. h4 Kf7 24. h5 Rc1 25. Rxc1 Rxc1+ 26. Kh2 Qxd4 27. hxg6+
hxg6 28. Qd2 Qh4+ 29. Rh3 Rh1+ 30. Kxh1 Qxh3+ 31. Kg1 Qxg2# 0-1

[Event "Chess Festival Groningen 2018 BC"]
[Site "Groningen, Netherlands"]
[Date "2018.12.29"]
[Round "8"]
[White "Blom, Yeb"]
[Black "Torenbosch, Jorn"]
[Result "0-1"]
[WhiteElo "1989"]
[BlackElo "1727"]
[PlyCount "64"]
[EventDate "2018.12.??"]

1. c4 f5 2. b4 Nf6 3. Bb2 e6 4. Qb3 a5 5. a3 axb4 6. axb4 Rxa1 7. Bxa1 Nc6 8.
b5 Na5 9. Qa2 b6 10. Nf3 Be7 11. g3 O-O 12. Bg2 Ne4 13. O-O Bf6 14. d4 Bb7 15.
Nbd2 Qa8 16. Nxe4 Bxe4 17. Bc3 g5 18. Ra1 d6 19. Bxa5 bxa5 20. Qd2 a4 21. Nxg5
Bxg2 22. f3 Bxf3 23. Nxf3 Qa7 24. Ra3 e5 25. e3 Qb7 26. Kf2 f4 27. exf4 exd4
28. Rxa4 Qe4 29. Ra3 Re8 30. Qd3 Qe6 31. Ra1 Qe3+ 32. Qxe3 dxe3+ 0-1

[Event "Chess Festival Groningen 2018 BC"]
[Site "Groningen, Netherlands"]
[Date "2018.12.29"]
[Round "8"]
[White "Bous, Florian"]
[Black "Paans, Johnny"]
[Result "1-0"]
[WhiteElo "1994"]
[BlackElo "1968"]
[PlyCount "55"]
[EventDate "2018.12.??"]

1. d4 g6 2. c4 Bg7 3. Nf3 d6 4. Nc3 Nd7 5. e4 e5 6. Bg5 Ngf6 7. d5 h6 8. Bd2
Nc5 9. Qc2 a5 10. h3 O-O 11. g4 Nh7 12. Rg1 Ng5 13. Nxg5 hxg5 14. b3 b6 15. a3
a4 16. Nxa4 Nxa4 17. bxa4 Bd7 18. a5 c5 19. axb6 Qxb6 20. Rb1 Qa6 21. Rg3 Rab8
22. Bxg5 Ba4 23. Qc1 Kh7 24. Be2 f5 25. gxf5 gxf5 26. exf5 Bd7 27. f6 Bxf6 28.
Bxf6 1-0

[Event "Chess Festival Groningen 2018 BC"]
[Site "Groningen, Netherlands"]
[Date "2018.12.29"]
[Round "8"]
[White "Brendel, Bergit"]
[Black "De Vries, Emma"]
[Result "1-0"]
[WhiteElo "1971"]
[BlackElo "1919"]
[PlyCount "89"]
[EventDate "2018.12.??"]

1. e4 e6 2. d4 d5 3. Nc3 Bb4 4. exd5 exd5 5. Bd3 Nf6 6. Nge2 c5 7. dxc5 Bxc5 8.
O-O Nc6 9. Nf4 d4 10. Re1+ Be7 11. Ne4 O-O 12. b3 g6 13. Nxf6+ Bxf6 14. Ba3 Bg7
15. Bxf8 Kxf8 16. Qd2 Bd7 17. Rad1 Kg8 18. Ne2 a5 19. Bb5 Bg4 20. Qf4 Bxe2 21.
Rxe2 Qb6 22. a4 Qc5 23. Rde1 Rf8 24. Bc4 Nd8 25. Re8 Qb4 26. Kf1 Qb6 27. Rxf8+
Kxf8 28. Qe4 Bf6 29. h4 Qd6 30. h5 Qh2 31. hxg6 hxg6 32. Qd5 Qh6 33. Qd6+ Kg7
34. Re8 Qc1+ 35. Re1 Qxc2 36. g3 Qf5 37. Re8 Qf3 38. Bd5 Qd1+ 39. Kg2 d3 40.
Qf8+ Kh7 41. Bxf7 Nxf7 42. Qxf7+ Bg7 43. Re4 g5 44. Qf5+ Kh6 45. Re6+ 1-0

[Event "Chess Festival Groningen 2018 BC"]
[Site "Groningen, Netherlands"]
[Date "2018.12.29"]
[Round "8"]
[White "Den Boer, Paul"]
[Black "Achuthan, Dylan"]
[Result "0-1"]
[WhiteElo "1907"]
[BlackElo "1759"]
[PlyCount "106"]
[EventDate "2018.12.??"]

1. d4 Nf6 2. c4 e6 3. Nf3 b6 4. g3 Bb7 5. Bg2 d5 6. O-O Be7 7. cxd5 exd5 8.
Qa4+ Nbd7 9. Ne5 O-O 10. Nc6 Qe8 11. Nxe7+ Qxe7 12. Nc3 h6 13. Qb3 c6 14. a4 a5
15. Qc2 c5 16. dxc5 Nxc5 17. Nb5 Rac8 18. Qd1 Rfd8 19. Nd4 Nfe4 20. Be3 Nd6 21.
b3 Nce4 22. Rc1 Rxc1 23. Qxc1 Rc8 24. Qa3 Qf6 25. Rc1 Rc3 26. Rxc3 Nxc3 27. Bf3
Nd1 28. Qc1 Nxe3 29. Qxe3 Ne4 30. Kg2 Qd6 31. Qf4 Qxf4 32. gxf4 g6 33. Bxe4
dxe4 34. f5 Bd5 35. fxg6 fxg6 36. e3 Kf7 37. Kg3 Kf6 38. Kf4 g5+ 39. Kg4 Bf7
40. h4 gxh4 41. Kxh4 Ke5 42. Kg4 h5+ 43. Kg5 Kd6 44. Kf4 Bd5 45. Kg5 Kc5 46.
Kxh5 Kb4 47. Kg5 Bxb3 48. Nxb3 Kxb3 49. Kf5 Kxa4 50. Kxe4 b5 51. Kd3 Ka3 52. e4
b4 53. e5 b3 0-1

[Event "Chess Festival Groningen 2018 BC"]
[Site "Groningen, Netherlands"]
[Date "2018.12.29"]
[Round "8"]
[White "Grooten, Tommy"]
[Black "Hoogeboom, Boudewijn"]
[Result "1-0"]
[WhiteElo "1552"]
[BlackElo "1665"]
[PlyCount "57"]
[EventDate "2018.12.??"]

1. e4 g6 2. d4 Bg7 3. Be3 c5 4. Nf3 Nc6 5. Nc3 cxd4 6. Nxd4 d6 7. Bc4 Nf6 8. f3
O-O 9. Qd2 Nxd4 10. Bxd4 a6 11. Nd5 Nxd5 12. Bxd5 Bxd4 13. Qxd4 Qa5+ 14. Qd2
Qb6 15. O-O-O Bd7 16. g4 Rac8 17. Kb1 Ba4 18. Bb3 Bb5 19. h4 Bc4 20. h5 Bxb3
21. cxb3 Qc5 22. hxg6 fxg6 23. Qh2 h5 24. Rd5 Qe3 25. Rxh5 gxh5 26. Qxh5 Kg7
27. Qh7+ Kf6 28. Qf5+ Kg7 29. Rh7+ 1-0

[Event "Chess Festival Groningen 2018 BC"]
[Site "Groningen, Netherlands"]
[Date "2018.12.29"]
[Round "8"]
[White "Hofstra, Tijmen"]
[Black "Manenschijn, Wouter"]
[Result "0-1"]
[WhiteElo "1706"]
[BlackElo "1798"]
[PlyCount "106"]
[EventDate "2018.12.??"]

1. e4 e5 2. Nf3 Nc6 3. Bc4 Nf6 4. d3 Be7 5. O-O O-O 6. c3 d6 7. Nbd2 Na5 8. Bb5
a6 9. Ba4 b5 10. b4 bxa4 11. bxa5 Bd7 12. d4 exd4 13. cxd4 c5 14. e5 Nd5 15.
exd6 Bf6 16. Ne4 cxd4 17. Nxf6+ Qxf6 18. Qxd4 Qxd6 19. Rd1 Bc6 20. Bb2 f6 21.
Rac1 Rfd8 22. Qc4 Bb5 23. Qc5 Qxc5 24. Rxc5 Nb4 25. Nd4 Nxa2 26. Rc7 Rd5 27.
Re1 Re8 28. Rxe8+ Bxe8 29. Re7 Bb5 30. f4 Nb4 31. Bc3 Nc6 32. Re8+ Kf7 33. Nxb5
Rd1+ 34. Re1 Rxe1+ 35. Bxe1 axb5 36. a6 Ke6 37. Bb4 Kd5 38. Bf8 g6 39. Kf2 Kc4
40. Be7 f5 41. Ke2 b4 42. Kd2 Kb5 43. Bd6 Kxa6 44. Kd3 Kb5 45. h3 h5 46. g4 a3
47. gxh5 gxh5 48. Bf8 Ka4 49. Kc2 b3+ 50. Kc3 b2 51. Kc2 Nb4+ 52. Kb1 Kb3 53.
Bxb4 a2# 0-1

[Event "Chess Festival Groningen 2018 BC"]
[Site "Groningen, Netherlands"]
[Date "2018.12.29"]
[Round "8"]
[White "Martinez, Anna"]
[Black "De Jong, Mathijs"]
[Result "1/2-1/2"]
[WhiteElo "1868"]
[BlackElo "1967"]
[PlyCount "80"]
[EventDate "2018.12.??"]

1. e4 c6 2. d4 d5 3. exd5 cxd5 4. Bf4 Bf5 5. c3 Nc6 6. Qb3 Qd7 7. Nf3 a6 8.
Nbd2 e6 9. Nh4 Bg6 10. Nxg6 hxg6 11. Nf3 Nf6 12. Bd3 Be7 13. O-O Nh5 14. Be5 g5
15. h3 Nf4 16. Bxf4 gxf4 17. Qc2 Rc8 18. Qd2 g5 19. b4 Bf6 20. a4 Qc7 21. Rfb1
Nb8 22. Rc1 Qd6 23. b5 a5 24. c4 dxc4 25. Bxc4 b6 26. Qe2 Kf8 27. Re1 Kg7 28.
Rad1 Qc7 29. Bb3 Nd7 30. Qe4 Rh6 31. Rd2 Qd6 32. Rc2 Rxc2 33. Qxc2 Rh8 34. Rc1
Rd8 35. Qe4 Qa3 36. Qb1 e5 37. dxe5 Nxe5 38. Nxe5 Bxe5 39. Re1 Bd4 40. Qf5 Kh8
1/2-1/2

[Event "Chess Festival Groningen 2018 BC"]
[Site "Groningen, Netherlands"]
[Date "2018.12.29"]
[Round "8"]
[White "Martinez, Sara"]
[Black "Pompstra, Henk"]
[Result "1-0"]
[WhiteElo "1583"]
[BlackElo "1758"]
[PlyCount "51"]
[EventDate "2018.12.??"]

1. e4 e5 2. Nf3 Nc6 3. d4 exd4 4. Nxd4 Nf6 5. Nc3 Bb4 6. Nxc6 bxc6 7. Bd3 d5 8.
exd5 cxd5 9. O-O O-O 10. Bg5 c6 11. h3 Be6 12. Ne2 Bd6 13. Nd4 c5 14. Nc6 Qd7
15. Bxf6 gxf6 16. Qh5 f5 17. Qg5+ Kh8 18. Qf6+ Kg8 19. Bb5 Qb7 20. f4 h5 21.
Qg5+ Kh7 22. Qxh5+ Kg8 23. Rf3 Bxf4 24. Rxf4 f6 25. Qg6+ Qg7 26. Ne7+ 1-0

[Event "Chess Festival Groningen 2018 BC"]
[Site "Groningen, Netherlands"]
[Date "2018.12.29"]
[Round "8"]
[White "Molanus, Florian"]
[Black "Rellum, Theo"]
[Result "0-1"]
[WhiteElo "1270"]
[BlackElo "1423"]
[PlyCount "44"]
[EventDate "2018.12.??"]

1. d4 Nf6 2. c4 d6 3. Nc3 Nbd7 4. e4 c6 5. Nf3 e5 6. d5 Nc5 7. Bg5 Be7 8. Bxf6
Bxf6 9. b4 Nd7 10. a4 Nf8 11. Qb3 Ng6 12. c5 dxc5 13. bxc5 Qa5 14. dxc6 bxc6
15. Ra3 O-O 16. Be2 Nf4 17. O-O Nxe2+ 18. Nxe2 Ba6 19. Re1 Rad8 20. Qc3 Qc7 21.
Ng3 Rd3 22. Qb4 Rb8 0-1

[Event "Chess Festival Groningen 2018 BC"]
[Site "Groningen, Netherlands"]
[Date "2018.12.29"]
[Round "8"]
[White "Molanus, Lennart"]
[Black "Vermeulen, Frans"]
[Result "1/2-1/2"]
[WhiteElo "1552"]
[BlackElo "1868"]
[PlyCount "74"]
[EventDate "2018.12.??"]

1. d4 Nf6 2. c4 e6 3. Nf3 Bb4+ 4. Bd2 Qe7 5. g3 Ne4 6. Bg2 Nxd2 7. Nbxd2 d5 8.
O-O Nd7 9. e4 Bxd2 10. Nxd2 dxe4 11. Nxe4 Nf6 12. Nc5 O-O 13. Qa4 c6 14. Ne4
Rd8 15. c5 Nxe4 16. Bxe4 e5 17. Rfe1 Rxd4 18. Bxh7+ Kf8 19. Qxd4 exd4 20. Rxe7
Kxe7 21. Re1+ Be6 22. f4 Kf6 23. Bb1 g6 24. a3 Rd8 25. Kf2 Bb3 26. Re2 Rd5 27.
Rd2 Rxc5 28. Rxd4 Bc2 29. Ba2 Bf5 30. Rc4 Rb5 31. Rb4 Rxb4 32. axb4 Ke7 33. Ke3
f6 34. Kd4 Kd6 35. Bc4 Bh3 36. Bf7 g5 37. fxg5 fxg5 1/2-1/2

[Event "Chess Festival Groningen 2018 BC"]
[Site "Groningen, Netherlands"]
[Date "2018.12.29"]
[Round "8"]
[White "Rupert, Casper"]
[Black "Oord, Raymon"]
[Result "0-1"]
[WhiteElo "2055"]
[BlackElo "1911"]
[PlyCount "88"]
[EventDate "2018.12.??"]

1. d4 d5 2. c4 e6 3. Nf3 Nf6 4. g3 c6 5. Bg2 Nbd7 6. O-O Bd6 7. b3 Ne4 8. Nfd2
f5 9. Nxe4 dxe4 10. Ba3 Bxa3 11. Nxa3 h5 12. c5 b5 13. cxb6 axb6 14. Nc4 Qc7
15. f4 Ba6 16. e3 Nf6 17. Qe1 O-O 18. Rf2 Bxc4 19. bxc4 Ra4 20. Qc3 Rfa8 21.
Rb2 c5 22. Bf1 Ra3 23. Rb3 Rxa2 24. Rab1 cxd4 25. exd4 h4 26. Rxb6 Nd5 27. Qb3
Nxb6 28. Qxb6 Qxb6 29. Rxb6 hxg3 30. hxg3 R8a3 31. c5 Rxg3+ 32. Kh1 Rf3 33. Bc4
Ra1+ 34. Kg2 Rc3 35. Bxe6+ Kf8 36. Rb2 g6 37. Bd5 Rd1 38. Bb7 Rxd4 39. c6 e3
40. Kf3 e2+ 41. Kxe2 Rxf4 42. Ra2 Rfc4 43. Ra8+ Kf7 44. Ra7 Kf6 0-1

[Event "Chess Festival Groningen 2018 BC"]
[Site "Groningen, Netherlands"]
[Date "2018.12.29"]
[Round "8"]
[White "Sprik, Sander"]
[Black "Van Dijk, Dominic"]
[Result "0-1"]
[WhiteElo "1911"]
[BlackElo "1672"]
[PlyCount "86"]
[EventDate "2018.12.??"]

1. e4 c5 2. Nf3 e6 3. d4 cxd4 4. Nxd4 a6 5. Bd3 Nf6 6. O-O d6 7. Be3 Nbd7 8.
Nc3 Nc5 9. f4 Nxd3 10. cxd3 e5 11. fxe5 dxe5 12. Nf5 g6 13. Nh6 Bxh6 14. Bxh6
Ng4 15. Qd2 Qh4 16. Bf4 exf4 17. Qxf4 O-O 18. h3 g5 19. Qc7 Ne3 20. Rf3 Nc2 21.
Raf1 Be6 22. Nd5 Bxd5 23. exd5 Qd4+ 24. Kh1 Ne3 25. R1f2 Nxd5 26. Qxb7 Rab8 27.
Qd7 Rbd8 28. Qf5 h6 29. h4 Ne7 30. Qa5 Qxh4+ 31. Kg1 Rd6 32. Qc5 Qd4 33. Qc7
Re6 34. Qc1 Re2 35. Qf1 Rxb2 36. Kh1 Rxf2 37. Rxf2 Nd5 38. Rf3 Ne3 39. Qc1 Re8
40. Qc6 Qh4+ 41. Kg1 Qe1+ 42. Kh2 Ng4+ 43. Kh3 Qh4# 0-1

[Event "Chess Festival Groningen 2018 BC"]
[Site "Groningen, Netherlands"]
[Date "2018.12.29"]
[Round "8"]
[White "Tromp, Pieter"]
[Black "Nixdorf, Andre"]
[Result "1-0"]
[WhiteElo "2080"]
[BlackElo "1977"]
[PlyCount "75"]
[EventDate "2018.12.??"]

1. e4 c5 2. Nf3 d6 3. Bb5+ Bd7 4. Bxd7+ Qxd7 5. c4 Nc6 6. Nc3 Nf6 7. d4 cxd4 8.
Nxd4 e6 9. O-O Be7 10. b3 O-O 11. Bb2 Rfd8 12. Qd3 d5 13. cxd5 exd5 14. Nxc6
Qxc6 15. e5 Ne4 16. Ne2 Bc5 17. Nd4 Qb6 18. Kh1 Qh6 19. f4 a6 20. Rf3 Rac8 21.
Raf1 Qb6 22. f5 Qb4 23. Rd1 Qa5 24. a4 b5 25. f6 bxa4 26. e6 gxf6 27. exf7+
Kxf7 28. Nf5 Qb6 29. Nh6+ Kg7 30. Rg3+ Nxg3+ 31. Qxg3+ Kxh6 32. Bc1+ Kh5 33.
Qg7 Be3 34. Qxh7+ Kg5 35. h4+ Kg4 36. Qg6+ Kxh4 37. Kh2 f5 38. Qxb6 1-0